000 01707cam a2200385 a 4500
003 OSt
005 20240530110423.0
008 110106s2008 ua abeof b 000 0 fre d
010 _a 2009487820
020 _a9782724705225
022 _211102470
040 _aEG-CaGPL
_cEG-CaGPL
041 0 _afre
_aara
066 _c(3
082 0 4 _221
_a916.215
_bCC/R I
100 1 _aRaoūf ʻAbbās.
245 1 0 _aIsmaïlia :
_barchitectures XIXe-XXe siècles /
_csous la direction de Claudine Piaton ; textes Raouf Abbas, Céline Frémaux ; photographies Arnaud du Boistesselin = al-Ismāʻīlīyah : ʻimārat al-qarn al-tāsiʻ ʻashar wa-al-qarn al-ʻishrīn ....
246 1 1 _6880-02
_aIsmāʻīlīyah :
_bʻimārat al-qarn al-tāsiʻ ʻashar wa-al-qarn al-ʻishrīn
260 _aLe Caire :
_bInstitut français d'archéologie orientale,
_cc2008.
300 _a257 p. :
_bill. (some col.), maps (some col.), plans ;
_c17 cm. x 23 cm.
490 1 _aBibliothèque générale ;
_v34
504 _aIncludes bibliographical references (p. 256).
546 _aFrench and Arabic.
650 0 _aArchitecture
_zEgypt
_zIsmailia (Province)
_xHistory
_y19th century.
650 0 _aArchitecture
_zEgypt
_zIsmailia (Province)
_xHistory
_y20th century.
651 0 _aIsmailia (Egypt : Province)
_xBuildings, structures, etc.
651 0 _aIsmailia (Egypt : Province)
_vPictorial works.
700 1 _aFrémaux, Céline.
700 1 _aPiaton, Claudine.
700 1 _aDu Boistesselin, Arnaud,
_ephotographer.
710 2 _aInstitut français d'archéologie orientale du Caire.
942 _2ddc
_cBK
999 _c60696
_d60696